000 00435nam a2200193Ia 4500
005 20240823035301.0
008 240823s9999||||xx |||||||||||||| ||und||
020 _a978-0-141-01256-8
041 _aENGLISH
082 _A813.54 P7
100 _aJanet Evanovich
245 0 _aPlum Lovin
250 _a1st
260 _c2007
_b"Penguin Books,En"
500 _aYES
650 _aGeneral
_bGeneral
942 _cBK
999 _c200316
_d200316